8051 Microcontroller And Embedded Systems (Record no. 303217)

MARC details
000 -LEADER
fixed length control field 00497nam a2200169Ia 4500
008 - FIXED-LENGTH DATA ELEMENTS--GENERAL INFORMATION
fixed length control field 230718s9999 xx 000 0 und d
041 ## - LANGUAGE CODE
Language code of text/sound track or separate title eng
082 ## - DEWEY DECIMAL CLASSIFICATION NUMBER
Classification number 004.165
Item number MAZ
100 ## - MAIN ENTRY--PERSONAL NAME
Personal name Mazidi M.A.
245 ## - TITLE STATEMENT
Title 8051 Microcontroller And Embedded Systems
Remainder of title Using Assembly And C
250 ## - EDITION STATEMENT
Edition statement 2nd ed.
260 ## - PUBLICATION, DISTRIBUTION, ETC. (IMPRINT)
Date of publication, distribution, etc. 2001
Name of publisher, distributor, etc. Pearson
300 ## - PHYSICAL DESCRIPTION
Extent 1078
Accompanying material [OBSOLETE, CAN/MARC] Ref 955 E (27104)
365 ## - TRADE PRICE
Currency code Rs.
Price amount 325.00
700 ## - ADDED ENTRY--PERSONAL NAME
Personal name Mazidi M.A., Mazidi J.G. & Mckinaly R.D.
906 ## - LOCAL DATA ELEMENT F, LDF (RLIN)
d B:1354931-Jan-2001
c ETC
b 48.75
Holdings
Withdrawn status Lost status Damaged status Not for loan Home library Current library Date acquired Vendor Budget Code Cost, normal purchase price Bill number Total Checkouts Full call number Barcode Date last seen Date last checked out Discount Cost, replacement price Bill Date Koha item type Original Barcode
        Cummins College of Engineering for Women Pune Cummins College of Engineering for Women Pune 23/03/2002 Pradeep Book Distributors ETC 276.25 13549 5 004.165 CCEP-BK-14424 25/05/2024 30/04/2024 48.75 325.00 31/01/2001 Books 014424